000 00211 a2200097 4500
001 14357
100 _aSabat Hussain
245 _aMazi kay Mazar
260 _aKarachi
_bMaktaba Daniyal
_c
090 _c11256
_d11256
942 _aNUST-CAE
_cM
_c1399
999 _c249430
_d249430